| 000 | 00654nam a2200217Ia 4500 | ||
|---|---|---|---|
| 003 | IEPS | ||
| 005 | 20250703135325.0 | ||
| 008 | 250223s9999||||xx |||||||||||||| ||und|| | ||
| 020 | _a9957712709 | ||
| 040 | _CIEPS | ||
| 041 | _aara | ||
| 082 | _a796.07 | ||
| 100 | _aكماش يوسف لازم | ||
| 245 | 0 | _aالقياس و الاختبار و التقويم في المجال التربوي الرياضي | |
| 260 |
_aعمان _bدار دجلة موزعون و ناشرون _c2013 |
||
| 300 |
_a221 ص. _bجداول _c24 سم. |
||
| 653 | _aالتقويم | ||
| 653 | _aالقياس | ||
| 700 | _aمشتت رائد محمد | ||
| 942 | _cكتاب | ||
| 999 |
_c13602 _d13602 |
||